| 000 -LEADER |
| fixed length control field |
00693nam a2200229Ia 4500 |
| 020 ## - INTERNATIONAL STANDARD BOOK NUMBER |
| ISBN |
9211260469 |
| 040 ## - CATALOGING SOURCE |
| Transcribing agency |
DJB |
| 082 ## - DEWEY DECIMAL CLASSIFICATION NUMBER |
| Classification number |
306 UNI 1996 A076 Or. |
| 245 00 - TITLE STATEMENT |
| Title |
Background papers : |
| Remainder of title |
Human development report 1995 |
| 246 30 - VARYING FORM OF TITLE |
| Title proper/short title |
Background papers Human development report 1995 |
| 246 37 - VARYING FORM OF TITLE |
| Title proper/short title |
Background papers for the Human development report 1995 |
| 260 ## - PUBLICATION, DISTRIBUTION, ETC. (IMPRINT) |
| Place of publication |
New York : |
| Name of publisher |
United Nations Development Programme, |
| Year of publication |
c1996 |
| 300 ## - PHYSICAL DESCRIPTION |
| Number of Pages |
v, 155 p. : |
| Other physical details |
ill. ; |
| Dimensions |
28 cm |
| 650 #0 - SUBJECT ADDED ENTRY--TOPICAL TERM |
| Topical Term |
Sex role |
| 650 #0 - SUBJECT ADDED ENTRY--TOPICAL TERM |
| Topical Term |
Women in development |
| 650 #0 - SUBJECT ADDED ENTRY--TOPICAL TERM |
| Topical Term |
Women |
| 650 #0 - SUBJECT ADDED ENTRY--TOPICAL TERM |
| Topical Term |
Women |
| 650 #0 - SUBJECT ADDED ENTRY--TOPICAL TERM |
| Topical Term |
Equality |
| 700 1# - ADDED ENTRY--PERSONAL NAME |
| Personal name |
Anand, Sudhir, |
| 710 2# - ADDED ENTRY--CORPORATE NAME |
| Corporate name or jurisdiction name as entry element |
United Nations Development Programme |
| 942 ## - ADDED ENTRY ELEMENTS (KOHA) |
| Koha item type |
សៀវភៅភាសាអង់គ្លេស |
| 952 ## - LOCATION AND ITEM INFORMATION (KOHA) |
| Withdrawn status [LOCAL, KOHA] |
0 |